शाहजहाँ (Record no. 1220505)

MARC details
000 -LEADER
fixed length control field 00486nam a2200181Ia 4500
008 - FIXED-LENGTH DATA ELEMENTS--GENERAL INFORMATION
fixed length control field 151121s9999||||xx |||||||||||||| ||und||
082 ## - DEWEY DECIMAL CLASSIFICATION NUMBER
Classification number 832/घोष
082 ## - DEWEY DECIMAL CLASSIFICATION NUMBER
Item number HNW-18671
100 ## - MAIN ENTRY--PERSONAL NAME
Personal name घोष नवकृष्ण
245 ## - TITLE STATEMENT
Title शाहजहाँ
260 ## - PUBLICATION, DISTRIBUTION, ETC. (IMPRINT)
Date of publication, distribution, etc --
300 ## - PHYSICAL DESCRIPTION
Extent 174
600 ## - SUBJECT ADDED ENTRY--PERSONAL NAME
Personal name घोष नवकृष्ण
630 ## - SUBJECT ADDED ENTRY--UNIFORM TITLE
Uniform title शाहजहाँ
700 ## - ADDED ENTRY--PERSONAL NAME
Personal name घोष नवकृष्ण
730 ## - ADDED ENTRY--UNIFORM TITLE
Uniform title शाहजहाँ
942 ## - ADDED ENTRY ELEMENTS (KOHA)
Koha item type Book
Holdings
Withdrawn status Lost status Damaged status Not for loan Home library Current library Date acquired Total Checkouts Full call number Barcode Date last seen Price effective from Koha item type
        Hirachand Nemchand Wachanalaya, Solapur Hirachand Nemchand Wachanalaya, Solapur 11/21/2015   HNW-18671 HNW-18671 11/21/2015 11/21/2015 Book